00402 a2200133 450000500170000002000150001708200160003210000150004824500720006325000110013526000340014630000260018085600620020620250626122404.0 a1428826718 a658.48 SCO aSCOTT, W . aCram 101 Textbook Outlines to Accompany Financial Accounting Theory a5th Ed aLondon,b A Cram 101,c2010. a180P.: ill.; c28cm. yAccess Online BookfFinancial Accountingdwww.cram101.com